000 00542nam a22001337a 4500
008 230405b |||||||| |||| 00| 0 eng d
040 _aNational Science Library
_cNational Science Library
080 _a061.1045:338
_bK9
245 _aReport of the industrial licensing policy inquiry committee
_c/ GOI Department of Industrial Development
260 _aDelhi:
_bGOI Department of Industrial Development,
_c1969
500 _aAppendices Vol. 1 1p.- 66p. Appendices Vol. 2 1p.- 138p.
650 _aIndustrial licensing
942 _2udc
_cREP
999 _c18457
_d18457